书目信息 |
| 题名: |
帮助太太做女人
|
|
| 作者: | 石赟 编著 | |
| 分册: | ||
| 出版信息: | 石家庄 河北科学技术出版社 2009.01 |
|
| 页数: | 224页 | |
| 开本: | 24cm | |
| 丛书名: | ||
| 单 册: | ||
| 中图分类: | R173 | |
| 科图分类: | ||
| 主题词: | 女性--nu^ xing--保健--基本知识 | |
| 电子资源: | ||
| ISBN: | 978-7-5375-3657-8 | |
| 000 | 00856nam 2200229 450 | |
| 001 | CALB01201101048508m | |
| 005 | 20111230171510.82 | |
| 010 | @a978-7-5375-3657-8@dCNY26.80 | |
| 100 | @a20090616d2009 em y0chiy50 ea | |
| 101 | 0 | @achi |
| 102 | @aCN@b130000 | |
| 105 | @ay z 000yy | |
| 200 | 1 | @a帮助太太做女人@Abang zhu tai tai zuo nu^ ren@e做男人眼中最有魅力的女人@f石赟编著 |
| 210 | @a石家庄@c河北科学技术出版社@d2009.01 | |
| 215 | @a224页@d24cm | |
| 330 | @a本书内容包括:胜任太太与母亲的双重角色、经营婚姻也是一种艺术、事业是女人的第二青春、用宽容搭起婆媳之间的桥梁、幸福女人的美好心情等。 | |
| 517 | 1 | @a做男人眼中最有魅力的女人@Azuo nan ren yan zhong zui you mei li de nu^ ren |
| 606 | 0 | @a女性@Anu^ xing@x保健@x基本知识 |
| 690 | @aR173@v4 | |
| 701 | 0 | @a石赟@Ashi bin@4编著 |
| 801 | 0 | @aCN@bZZRC@c20111230 |
| 905 | @aZUCC@dR173@eS549@f3 | |
| 帮助太太做女人:做男人眼中最有魅力的女人/石赟编著.-石家庄:河北科学技术出版社,2009.01 |
| 224页;24cm |
| ISBN 978-7-5375-3657-8:CNY26.80 |
| 本书内容包括:胜任太太与母亲的双重角色、经营婚姻也是一种艺术、事业是女人的第二青春、用宽容搭起婆媳之间的桥梁、幸福女人的美好心情等。 |
| ● |
| 相关链接 |
|
|
|
正题名:帮助太太做女人
索取号:R173/S549
 
预约/预借
| 序号 | 登录号 | 条形码 | 馆藏地/架位号 | 状态 | 备注 |
| 1 | 1191864 | 211918647 | 自科库401/401自科库 7排4列2层/ [索取号:R173/S549] | 在馆 | |
| 2 | 1191865 | 211918656 | 自科库401/401自科库 7排4列2层/ [索取号:R173/S549] | 在馆 | |
| 3 | 1191866 | 211918665 | 自科库401/401自科库 7排4列2层/ [索取号:R173/S549] | 在馆 |